Journal of phycology
Αποθηκεύτηκε σε:
| Συγγραφή απο Οργανισμό/Αρχή: | |
|---|---|
| Μορφή: | Περιοδική έκδοση |
| Γλώσσα: | English |
| Δημοσίευση: |
[New York] :
Phycological Society of America,
1965-
|
| Θέματα: | |
| Ετικέτες: |
Προσθήκη ετικέτας
Δεν υπάρχουν, Καταχωρήστε ετικέτα πρώτοι!
|
MARC
| LEADER | 00000nas a2200000 i 4500 | ||
|---|---|---|---|
| 001 | 1/40458 | ||
| 008 | 030912c19659999us r r | |eng|| | ||
| 022 | |a 00223646 | ||
| 035 | |l 10070811 | ||
| 040 | |a GR-MY-UA |b gre |e aacr | ||
| 041 | 0 | |a eng | |
| 082 | 0 | |a 589.3 |2 (20) | |
| 245 | 1 | 0 | |a Journal of phycology |h [περιοδικό] / |c Phycological Society of America |
| 260 | |a [New York] : |b Phycological Society of America, |c 1965- | ||
| 300 | |a v. : |b εικ. ; |c 28 εκ. | ||
| 310 | |a Διμηνιαίο, |b 1991- | ||
| 321 | |a Tριμηνιαίο, |b 1965-1990 | ||
| 650 | 0 | 0 | |a Algae |x Periodicals. |
| 710 | 2 | |a Phycological Society of America. | |
| 853 | |a INST |b LESVOS |h 589.3 | ||
| 901 | |a BIBL1-2003-2 | ||
| 970 | |a ΤΖΑΦΕΡΗ |b ΕΥΑΓΓΕΛΙΑ |z 2003/09/12 | ||